Rozponaj trenera FC Barcelony - Statystyki

Ogólne statystyki
  • Ten quiz został rozwiązany 32 razy
  • Średni wynik to 10 z 16
Statystyki odpowiedzi
Obrazkowy Odpowiedź % Poprawnych
Luis Enrique
100%
Pep Guardiola
100%
Ronald Koeman
100%
Hansi Flick
96%
Xavi
96%
Ernesto Valverde
88%
Johan Cruijff
88%
Frank Rijkaard
76%
Louis van Gaal
76%
Quique Setién
64%
Tito Vilanova
52%
Gerardo Martino
32%
Jordi Roura
8%
Ladislao Kubala
4%
Luis Aragonés
4%
Radomir Antić
4%
Nie znaleziono quizów pasujących do podanych kryteriów
Rozkład punktacji
Procent ludzi z każdym wynikiem
Percentyl według liczby udzielonych odpowiedzi
Twoja historia wyników
Nie rozwiązałeś tego quizu